000 01949nam a2200265Ia 4500
003 Ost
005 20260507074915.0
008 260507s9999||||xx |||||||||||||| ||und||
020 _a9957110748
040 _cfsecg
041 _aara
082 _a658.913321
100 _aالحسيني، فلاح حسن
_eمؤلف
245 0 _aإدارة البنوك :
_bمدخل كمي و استراتيجي معاصر /
_c فلاح حسن الحسيني
250 _aطبعة 4
260 _aعمان:
_bدار وائل للنشر و التوزيع,
_c2008
300 _a247 صفحة؛
_c24 سم
504 _aبيبليوغرافيا ص.
520 _aالفصل الأول : مفاهيم مالية ومصرفية أساسية-الفصل الثاني : البنوك، الأهمية، الوظائف، الأهداف-الفصل الثالث : عمليات الإدارة الاستراتيجية في البنوك-الفصل الرابع : سياسة تخصيص الموارد المالية في البنوك-الفصل الخامس : إدارة رأس المال الممتلك-الفصل السادس : إدارة السيولة المصرفية-الفصل السابع : الاستراتيجيات الأساسية لإدارة وجذب الودائع المصرفية-الفصل الثامن : الاستراتيجية الإقراضية للمنشآت المالية والمصرفية-الفصل التاسع : استراتيجية إدارة محفظة الاستثمارات المصرفية-الفصل العاشر : شركات التأمين والبنوك الإسلامية-الفصل الحادي عشر : عمليات الرقابة وتقويم الأداء في البنوك.
653 _aادارة البنوك
653 _aالمصارف والصيرفه--تنظيم واداره
653 _aعلوم اجتماعية
700 _aالدوري، مؤيد عبد الرحمن
_eمؤلف ثانوي
942 _cكتاب
999 _c41765
_d41765